Las conferencias mundiales: formulación de prioridades para el siglo XXI
Saved in:
| 企業作者: | |
|---|---|
| 格式: | 圖書 |
| 語言: | 西班牙语 |
| 出版: |
Nueva York
Naciones Unidas
1997
|
| 主題: | |
| 標簽: |
添加標簽
沒有標簽, 成為第一個標記此記錄!
|
MARC
| LEADER | 00000nam a2200000 a 4500 | ||
|---|---|---|---|
| 001 | UCR7091 | ||
| 003 | CL-VaPUC | ||
| 008 | 980430e19970000US |||||||||||||||||spa|d | ||
| 082 | 0 | 4 | |a 060.68 |b NAC |2 21 |
| 110 | 2 | |a Naciones Unidas |e author |9 408396 | |
| 245 | 1 | 4 | |a Las conferencias mundiales: formulación de prioridades para el siglo XXI |
| 300 | |a 115 p | ||
| 942 | |c BK | ||
| 945 | |d 19980430 00:00:00 |a rbrito | ||
| 260 | |a Nueva York |b Naciones Unidas |c 1997 | ||
| 600 | 0 | 7 | |a NACIONES UNIDAS |2 CL-VaPUC |9 255446 |
| 650 | 0 | |a Derechos humanos |9 223025 | |
| 650 | 7 | |a INFANCIA |2 CL-VaPUC |9 408397 | |
| 650 | 0 | |a Mujeres |9 257649 | |
| 650 | 0 | |a Desarrollo social |9 264534 | |
| 650 | 0 | |a Medio ambiente |9 257625 | |
| 583 | |a last modification |c 19980430 00:00:00 |k Rodrigo Vera | ||
| 999 | |c 268940 |d 268938 | ||
| 952 | |0 0 |1 0 |4 0 |6 060_680000000000000_NAC_1997 |7 0 |8 A |9 302433 |a BIBGIM |b BIBGIM |d 2019-11-20 |i 3406857 |o 060.68 NAC 1997 |p 3406857 |r 2025-01-15 |w 2019-11-20 |y BK |k SSL | ||
| 952 | |0 0 |1 0 |4 0 |6 060_680000000000000_NAC_1997 |7 0 |8 P |9 302434 |a BIBEDU |b BIBEDU |c BIBEDU_PB |d 2019-11-20 |i 3406865 |o 060.68 NAC 1997 |p 3406865 |r 2024-01-25 |w 2019-11-20 |y BK |k EDU | ||
| 952 | |0 0 |1 0 |4 0 |6 060_680000000000000_NAC_1997 |7 0 |8 A |9 302435 |a BIBDER |b BIBDER |d 2019-11-20 |i 3405982 |o 060.68 NAC 1997 |p 3405982 |r 2023-01-25 |w 2019-11-20 |y BK |k DER | ||